| 000 | 01020nam a22002651u 4500 | ||
|---|---|---|---|
| 001 | 12258 | ||
| 003 | HDC | ||
| 007 | cr bn --- | ||
| 008 | 210209p2003 my eng | ||
| 040 | _aHDC | ||
| 100 |
_aHadijah Hassan, _eauthor _912752 |
||
| 245 | 0 |
_aAcute and subchronic toxicity studies of an aqueous extract of Morinda citrifolia fruit in rats / _cby Hadijah Hassan, Ayub Mohd. Yatim, Zarida Hambali and Normah Ahamad |
|
| 260 |
_aSerdang : _bMalaysian Agricultural Research and Development Institute (MARDI), _c2003 |
||
| 300 | _a1 page | ||
| 336 |
_atext _2rdacontent |
||
| 337 |
_acomputer _2rdamedia |
||
| 338 |
_aonline resource _2rdacarrier |
||
| 650 |
_aAcute toxicity _912755 |
||
| 650 |
_aMorinda citrifolia _912753 |
||
| 650 |
_aSubchronic toxicity _912754 |
||
| 856 | _zRequest full-text at [email protected] | ||
| 942 | _2lcc | ||
| 942 | _cAR | ||
| 942 | _kJART 003055 | ||
| 999 |
_c9581 _d9581 |
||